Текстильный электрод из восстановленного оксида графена для ЭКГ; Перспективные материалы конструкционного и функционального назначения

Dades bibliogràfiques
Parent link:Перспективные материалы конструкционного и функционального назначения.— 2022.— [С. 228-230]
Autor corporatiu: Национальный исследовательский Томский политехнический университет Исследовательская школа химических и биомедицинских технологий
Altres autors: Мензелинцев В. А. Виталий Андреевич (научный руководитель), Фаткуллин М. И. Максим Ильгизович, Шеремет Е. С. Евгения Сергеевна, Родригес Контрерас Р. Д. Рауль Давид
Sumari:Заглавие с экрана
Idioma:rus
Publicat: 2022
Col·lecció:Функциональные материалы
Matèries:
Accés en línia:http://earchive.tpu.ru/handle/11683/74165
Format: Electrònic Capítol de llibre
KOHA link:https://koha.lib.tpu.ru/cgi-bin/koha/opac-detail.pl?biblionumber=635204

MARC

LEADER 00000naa2a2200000 4500
001 635204
005 20250915093141.0
035 |a (RuTPU)RU\TPU\conf\37050 
035 |a RU\TPU\conf\37042 
090 |a 635204 
100 |a 20221130d2022 k y0rusy50 ca 
101 0 |a rus 
102 |a RU 
105 |a y z 101zy 
135 |a drcn ---uucaa 
181 0 |a i  
182 0 |a b 
200 1 |a Текстильный электрод из восстановленного оксида графена для ЭКГ  |f В. А. Мензелинцев, М. И. Фаткуллин, Е. С. Шеремет, Р. Д. Родригес Контрерас  |g науч. рук. Е. С. Шеремет 
203 |a Текст  |c электронный 
225 1 |a Функциональные материалы 
300 |a Заглавие с экрана 
320 |a [Библиогр.: с. 229-230 (3 назв.)] 
463 0 |0 (RuTPU)RU\TPU\conf\36996  |t Перспективные материалы конструкционного и функционального назначения  |o сборник научных трудов Международной научно-технической молодежной конференции, Томск, 17–21 октября 2022 г.  |f Национальный исследовательский Томский политехнический университет ; ред. кол. С. П. Буякова, Б. С. Зенин, И. Э. Васильева, Е. А. Даренская  |v [С. 228-230]  |d 2022 
610 1 |a электронный ресурс 
610 1 |a труды учёных ТПУ 
610 1 |a электроды 
610 1 |a оксид графена 
610 1 |a ЭКГ 
610 1 |a износостойкость 
610 1 |a текстильные материалы 
701 1 |a Мензелинцев  |b В. А.  |c специалист в области биомедицинских технологий  |c лаборант Томского политехнического университета  |f 1998-  |g Виталий Андреевич  |3 (RuTPU)RU\TPU\pers\47389 
701 1 |a Фаткуллин  |b М. И.  |c химик-технолог  |c инженер Томского политехнического университета  |f 1997-  |g Максим Ильгизович  |3 (RuTPU)RU\TPU\pers\47263  |9 22843 
701 1 |a Шеремет  |b Е. С.  |c физик  |c профессор Томского политехнического университета  |f 1988-  |g Евгения Сергеевна  |3 (RuTPU)RU\TPU\pers\40026  |9 21196 
701 1 |a Родригес Контрерас  |b Р. Д.  |c венесуэльский физик, доктор наук  |c профессор Томского политехнического университета  |f 1982-  |g Рауль Давид  |3 (RuTPU)RU\TPU\pers\39941  |9 21178 
702 1 |a Шеремет  |b Е. С.  |c физик  |c профессор Томского политехнического университета  |f 1988-  |g Евгения Сергеевна  |4 727 
712 0 2 |a Национальный исследовательский Томский политехнический университет  |b Исследовательская школа химических и биомедицинских технологий  |c (2017- )  |3 (RuTPU)RU\TPU\col\23537 
801 2 |a RU  |b 63413507  |c 20221213  |g RCR 
850 |a 63413507 
856 4 |u http://earchive.tpu.ru/handle/11683/74165 
942 |c BK